Państwa na literę B, ale... - Statystyki

Ogólne statystyki
  • Ten quiz został rozwiązany 151 razy
  • Średni wynik to 8 z 11
Statystyki odpowiedzi
Państwo % Poprawnych
Belgia
91%
Brazylia
84%
Boliwia
79%
Bułgaria
75%
Botswana
72%
Burundi
71%
Bośnia i Hercegowina
70%
Brunei
66%
Belize
65%
Burkina Faso
57%
Bahamy
52%
Nie znaleziono quizów pasujących do podanych kryteriów
Rozkład punktacji
Procent ludzi z każdym wynikiem
Percentyl według liczby udzielonych odpowiedzi
Twoja historia wyników
Nie rozwiązałeś tego quizu